鉄道会社の社章クイズ #1 - Statistics

General Stats
  • This quiz has been taken 37 times
  • The average score is 4 of 20
Answer Stats
Picture Answer % Correct
東武鉄道
49%
相模鉄道
43%
西武鉄道
43%
阪神急行電鉄
31%
上信電鉄
29%
神中鉄道
29%
東京地下鉄道
23%
九州鉄道
20%
京成電鉄
20%
南和電気鉄道
20%
小田急電鉄
20%
北陸鉄道
20%
大阪電気軌道
14%
吉野鉄道
11%
江若鉄道
11%
高野鉄道
11%
日本鉄道
11%
南和鉄道
9%
一畑電気鉄道
9%
新三河鉄道
9%
No matching quizzes found
Score Distribution
Percent of People with Each Score
Percentile by Number Answered
Your Score History
You have not taken this quiz